[Event "Scarborough CC-ch"]
[Site "Toronto"]
[Date "2019.04.04"]
[Round "1.6"]
[White "Zhao, Jeffrey R"]
[Black "Jacobs, Michael"]
[Result "1-0"]
[WhiteElo "2076"]
[BlackElo "1842"]
[PlyCount "73"]
[EventDate "2019.04.04"]
[EventType "swiss"]
[EventRounds "8"]
[EventCountry "CAN"]
[SourceTitle "EXT 2022"]
[Source "ChessBase"]
[SourceDate "2021.10.06"]
[SourceVersion "1"]
[SourceVersionDate "2021.10.06"]
[SourceQuality "1"]

1. e4 c6 2. d4 d5 3. exd5 cxd5 4. c4 Nf6 5. Nc3 Bf5 6. Qb3 dxc4 7. Bxc4 e6 8. Qxb7 Nbd7 9. Nf3 Be7 10. Qb3 0-0 11. Qd1 Nb6 12. Bb3 Bg4 13. 0-0 Qd7 14. Bf4 Qb7 15. Re1 Bxf3 16. Qxf3 Qxf3 17. gxf3 Rad8 18. Be5 Nfd5 19. Rac1 Bg5 20. Rc2 Rc8 21. Bd6 Be7 22. Bc5 Kh8 23. Nxd5 Bxc5 24. dxc5 Nxd5 25. Bxd5 exd5 26. b4 Rc7 27. a4 g6 28. Rd1 Rb8 29. b5 Rd8 30. c6 Kg7 31. Rcd2 a6 32. Rxd5 Rb8 33. Rd7 Rcc8 34. c7 Rb7 35. Rc1 axb5 36. axb5 Kf8 37. Rd8+ 1-0

[Event "Canadian op U1800"]
[Site "Sault Ste Marie"]
[Date "2017.07.11"]
[Round "2.49"]
[White "Huang, Youhe"]
[Black "Jacobs, Michael"]
[Result "1-0"]
[WhiteElo "1448"]
[BlackElo "1603"]
[PlyCount "91"]
[EventDate "2017.07.08"]
[EventType "swiss"]
[EventRounds "9"]
[EventCountry "CAN"]
[SourceTitle "EXT 2022"]
[Source "ChessBase"]
[SourceDate "2021.10.06"]
[SourceVersion "1"]
[SourceVersionDate "2021.10.06"]
[SourceQuality "1"]

1. e4 e6 2. d4 d5 3. Nc3 Bb4 4. a3 Bxc3+ 5. bxc3 dxe4 6. Qg4 Nf6 7. Qxg7 Rg8 8. Qh6 Rg6 9. Qe3 Nc6 10. Bb2 Qe7 11. Rd1 Bd7 12. Ne2 0-0-0 13. Ng3 Rdg8 14. Nxe4 Nxe4 15. Qxe4 Rg4 16. Qxh7 R8g6 17. Qh8+ Rg8 18. Qh6 Re4+ 19. Kd2 Rg6 20. Qh8+ Nd8 21. h4 Qd6 22. g3 Reg4 23. Qe5 Qb6 24. Kc1 Bc6 25. Rh2 Re4 26. Qc5 Qxc5 27. dxc5 Re5 28. h5 Rh6 29. c4 Rxc5 30. Be2 Rg5 31. Bd4 Rg8 32. Be3 Rh7 33. g4 f6 34. h6 Be4 35. Bd3 Bxd3 36. Rxd3 Rxg4 37. Rd4 Rg6 38. Rdh4 Nf7 39. Kd2 Ne5 40. Ke2 Kd7 41. Bxa7 Ng4 42. Rg2 Ne5 43. Rxg6 Nxg6 44. Rg4 Rxh6 45. Be3 f5 46. Rd4+ 1-0